000 00216 a2200097 4500
001 16700
100 _aDorman G
245 _aBritish test pilots
260 _aLondon
_bForbes Robertson ltd
_c
090 _c12600
_d12600
942 _aNUST-CAE
_cM
_c2893
999 _c251773
_d251773